Liste des Pokémon mollusques - Statistiques

Statistiques générales
  • Ce quiz a été pris 23 fois
  • Le résultat moyen est 16 sur 24
Statistiques - réponses
N° Pokédex Pokémon % Correct
#0366 Coquiperl
90%
#0091 Crustabri
90%
#0090 Kokiyas
85%
#0853 Krakos
85%
#0139 Amonistar
80%
#0138 Amonita
80%
#0852 Poulpaf
80%
#0616 Escargaume
70%
#0617 Limaspeed
70%
#0224 Octillery
70%
#0705 Colimucus
65%
#0705 Colimucus de Hisui
65%
#0218 Limagma
65%
#0704 Mucuscule
65%
#0706 Muplodocus
65%
#0706 Muplodocus de Hisui
65%
#0219 Volcaropod
65%
#0422 Sancoki
55%
#0423 Tritosor
55%
#0490 Manaphy
50%
#0489 Phione
50%
#0686 Sepiatop
40%
#0687 Sepiatroce
40%
#1001 Chongjian
30%
Aucun quiz correspondant
Distribution des résultats
% des personnes avec chaque résultat
Percentile par nombre de réponses
Votre historique - résultats
Vous n’avez pas pris ce quiz